Statistiques concernant Anatomie d'une plante sur un dessin

Cliquez ici pour prendre le quiz!

Statistiques générales

  • Ce quiz a été pris 28 fois
  • Le résultat moyen est 11 sur 27

Réponses sur la Carte

Les réponses sont colorées sur une échelle allant du rouge au vert en fonction du pourcentage des utilisateurs qui les ont devinées à leur premier essai. Vous pouvez retrouver ces pourcentages ci-dessous.
 

Statistiques - réponses

Réponse% Correct
Système {radiculaire/racinaire}
88%
Tige reproductrice
88%
Tige végétative
88%
Feuille
84%
Fleur
72%
Système {foliacé}
64%
Racine {principale/pivotante}
56%
Nervures
52%
Limbe
48%
Nœud
48%
Racine {secondaire/fibreuse}
44%
Bourgeon {apical/terminal}
40%
Bourgeon {axillaire}
36%
Pétiole
36%
Pousse {axillaire}
36%
Rameau
36%
Entre-nœud
32%
Poils absorbants
32%
Radicelle
28%
Vrille
28%
Bourgeon {floral}
20%
Foliole
20%
Stipules
16%
Cicatrice
12%
Coiffe
12%
Collet
12%
Stomates
12%

Distribution des résultats

Percentile par nombre de réponses

% des personnes avec chaque résultat

Votre développement - résultats

Vous n’avez pas pris ce quiz